| 000 | 00873nam a22002177a 4500 | ||
|---|---|---|---|
| 999 |
_c13250 _d13250 |
||
| 003 | AR-CdUCM | ||
| 008 | 190411b ||||| |||| 00| 0 spa d | ||
| 040 |
_aMUNICIPALIDAD PROVINCIAL DEL CUSCO _cBIBLIOTECA MUNICIPAL DEL CUSCO |
||
| 082 |
_aC / 340.2 / _bH71 |
||
| 100 |
_aCavero Alosilla, J. Washington _931556 |
||
| 245 | _aNotas jurídicas / | ||
| 260 |
_aCusco : _bH.G. Rozas _c1962. |
||
| 300 |
_a259 paginas ; _c22 cm. |
||
| 500 | _aDedicatoria | ||
| 505 | _aContenido :Condiciones esenciales que se exigen a uno y a otro -- Inteligencia -- Ubicación y definición del escribano -- Derechos y goces de los secretarios de juzgado -- La vagancia y su represión actual... | ||
| 650 |
_aTérminos Jurídicos _931557 |
||
| 650 |
_aResoluciones jurídicas _931558 |
||
| 650 |
_aDecretos y providencias _931559 |
||
| 942 |
_2ddc _cLIBROS |
||
| 945 |
_awnts _d2019-04-11 |
||